000 00647nam a2200193Ia 4500
003 GCL
008 140319s9999 xx 000 0 ara d
040 _aGCL /
_cGCL
082 0 4 _a001.42
_bع م
100 1 _aعبدالغفار رشاد القصبى
245 1 0 _aمناهج البحث فى علم السياسة /
_cعبدالغفار رشاد القصبى
260 _aالقاهرة :
_bمكتبة الاداب ،
_c2004
300 _a280 ص ؛
_c24 سم
650 0 4 _aالسياسة
650 0 4 _aالبحوث
650 0 4 _aالبحث العلمى - طرق البحث
650 0 4 _aالسياسة - طرق البحث
942 _2ddc
_cBK
999 _c6493
_d6493